<?xml version="1.0" encoding="UTF-8"?>
<collection xmlns="http://www.loc.gov/MARC21/slim">
 <record>
  <leader>20833nas a22020415  4500</leader>
  <controlfield tag="001">1/50346</controlfield>
  <controlfield tag="008">030121c19639999caumr1p       0   a0eng d</controlfield>
  <datafield tag="022" ind1=" " ind2=" ">
   <subfield code="a">0037-5497</subfield>
  </datafield>
  <datafield tag="035" ind1=" " ind2=" ">
   <subfield code="l">24127</subfield>
  </datafield>
  <datafield tag="040" ind1=" " ind2=" ">
   <subfield code="a">DLC</subfield>
   <subfield code="b">GR-PeUP</subfield>
  </datafield>
  <datafield tag="090" ind1=" " ind2=" ">
   <subfield code="a">Αλφαβητική σειρά</subfield>
  </datafield>
  <datafield tag="245" ind1="0" ind2="0">
   <subfield code="a">Simulation</subfield>
  </datafield>
  <datafield tag="260" ind1=" " ind2=" ">
   <subfield code="a">San Diego, Calif. :</subfield>
   <subfield code="b">Simulation Councils,</subfield>
   <subfield code="c">1963-</subfield>
  </datafield>
  <datafield tag="300" ind1=" " ind2=" ">
   <subfield code="a">v. :</subfield>
   <subfield code="b">ill. ;</subfield>
   <subfield code="c">23 cm.</subfield>
  </datafield>
  <datafield tag="310" ind1=" " ind2=" ">
   <subfield code="a">Monthly</subfield>
  </datafield>
  <datafield tag="362" ind1="0" ind2=" ">
   <subfield code="a">Vol.61, no.1(June 1993)-v.68, no.3(March 1997)</subfield>
  </datafield>
  <datafield tag="362" ind1="0" ind2=" ">
   <subfield code="a">Vol.70, no.3(March 1998)-v.73, no.6(Dec. 1999)</subfield>
  </datafield>
  <datafield tag="546" ind1=" " ind2=" ">
   <subfield code="a">English</subfield>
  </datafield>
  <datafield tag="650" ind1=" " ind2="4">
   <subfield code="a">Computer simulation</subfield>
   <subfield code="v">Periodicals.</subfield>
  </datafield>
  <datafield tag="710" ind1="2" ind2=" ">
   <subfield code="a">Society for Computer Simulation.</subfield>
  </datafield>
  <datafield tag="852" ind1=" " ind2=" ">
   <subfield code="a">INST</subfield>
   <subfield code="b">UNIPILB</subfield>
   <subfield code="c">SERIALS</subfield>
   <subfield code="e">20050127</subfield>
   <subfield code="h">Αλφαβητική σειρά</subfield>
   <subfield code="p">39365</subfield>
   <subfield code="q">39365</subfield>
   <subfield code="t">NOLOAN</subfield>
   <subfield code="v">vol.79;no.1:(Μήνας)January;(Έτος)2003</subfield>
   <subfield code="y">23</subfield>
  </datafield>
  <datafield tag="852" ind1=" " ind2=" ">
   <subfield code="a">INST</subfield>
   <subfield code="b">UNIPILB</subfield>
   <subfield code="c">SERIALS</subfield>
   <subfield code="e">20050127</subfield>
   <subfield code="h">Αλφαβητική σειρά</subfield>
   <subfield code="p">39366</subfield>
   <subfield code="q">39366</subfield>
   <subfield code="t">NOLOAN</subfield>
   <subfield code="v">vol.79;no.2:(Μήνας)February;(Έτος)2003</subfield>
   <subfield code="y">23</subfield>
  </datafield>
  <datafield tag="852" ind1=" " ind2=" ">
   <subfield code="a">INST</subfield>
   <subfield code="b">UNIPILB</subfield>
   <subfield code="c">SERIALS</subfield>
   <subfield code="e">20050127</subfield>
   <subfield code="h">Αλφαβητική σειρά</subfield>
   <subfield code="p">39367</subfield>
   <subfield code="q">39367</subfield>
   <subfield code="t">NOLOAN</subfield>
   <subfield code="v">vol.79;no.3:(Μήνας)March;(Έτος)2003</subfield>
   <subfield code="y">23</subfield>
  </datafield>
  <datafield tag="852" ind1=" " ind2=" ">
   <subfield code="a">INST</subfield>
   <subfield code="b">UNIPILB</subfield>
   <subfield code="c">SERIALS</subfield>
   <subfield code="e">20050127</subfield>
   <subfield code="h">Αλφαβητική σειρά</subfield>
   <subfield code="p">39368</subfield>
   <subfield code="q">39368</subfield>
   <subfield code="t">NOLOAN</subfield>
   <subfield code="v">vol.79;no.4:(Μήνας)April;(Έτος)2003</subfield>
   <subfield code="y">23</subfield>
  </datafield>
  <datafield tag="852" ind1=" " ind2=" ">
   <subfield code="a">INST</subfield>
   <subfield code="b">UNIPILB</subfield>
   <subfield code="c">SERIALS</subfield>
   <subfield code="e">20050127</subfield>
   <subfield code="h">Αλφαβητική σειρά</subfield>
   <subfield code="p">39369</subfield>
   <subfield code="q">39369</subfield>
   <subfield code="t">NOLOAN</subfield>
   <subfield code="v">vol.79;no.5-6:(Μήνας)May;(Έτος)2003</subfield>
   <subfield code="y">23</subfield>
  </datafield>
  <datafield tag="852" ind1=" " ind2=" ">
   <subfield code="a">INST</subfield>
   <subfield code="b">UNIPILB</subfield>
   <subfield code="c">SERIALS</subfield>
   <subfield code="e">20050127</subfield>
   <subfield code="h">Αλφαβητική σειρά</subfield>
   <subfield code="p">39370</subfield>
   <subfield code="q">39370</subfield>
   <subfield code="t">NOLOAN</subfield>
   <subfield code="v">vol.79;no.7:(Μήνας)July;(Έτος)2003</subfield>
   <subfield code="y">23</subfield>
  </datafield>
  <datafield tag="852" ind1=" " ind2=" ">
   <subfield code="a">INST</subfield>
   <subfield code="b">UNIPILB</subfield>
   <subfield code="c">SERIALS</subfield>
   <subfield code="e">20050127</subfield>
   <subfield code="h">Αλφαβητική σειρά</subfield>
   <subfield code="p">39371</subfield>
   <subfield code="q">39371</subfield>
   <subfield code="t">NOLOAN</subfield>
   <subfield code="v">vol.79;no.8:(Μήνας)August;(Έτος)2003</subfield>
   <subfield code="y">23</subfield>
  </datafield>
  <datafield tag="852" ind1=" " ind2=" ">
   <subfield code="a">INST</subfield>
   <subfield code="b">UNIPILB</subfield>
   <subfield code="c">SERIALS</subfield>
   <subfield code="e">20050127</subfield>
   <subfield code="h">Αλφαβητική σειρά</subfield>
   <subfield code="p">39372</subfield>
   <subfield code="q">39372</subfield>
   <subfield code="t">NOLOAN</subfield>
   <subfield code="v">vol.79;no.9:(Μήνας)September;(Έτος)2003</subfield>
   <subfield code="y">23</subfield>
  </datafield>
  <datafield tag="852" ind1=" " ind2=" ">
   <subfield code="a">INST</subfield>
   <subfield code="b">UNIPILB</subfield>
   <subfield code="c">SERIALS</subfield>
   <subfield code="e">20050127</subfield>
   <subfield code="h">Αλφαβητική σειρά</subfield>
   <subfield code="p">39373</subfield>
   <subfield code="q">39373</subfield>
   <subfield code="t">NOLOAN</subfield>
   <subfield code="v">vol.79;no.10:(Μήνας)October;(Έτος)2003</subfield>
   <subfield code="y">23</subfield>
  </datafield>
  <datafield tag="852" ind1=" " ind2=" ">
   <subfield code="a">INST</subfield>
   <subfield code="b">UNIPILB</subfield>
   <subfield code="c">SERIALS</subfield>
   <subfield code="e">20050127</subfield>
   <subfield code="h">Αλφαβητική σειρά</subfield>
   <subfield code="p">39374</subfield>
   <subfield code="q">39374</subfield>
   <subfield code="t">NOLOAN</subfield>
   <subfield code="v">vol.79;no.11:(Μήνας)November;(Έτος)2003</subfield>
   <subfield code="y">23</subfield>
  </datafield>
  <datafield tag="852" ind1=" " ind2=" ">
   <subfield code="a">INST</subfield>
   <subfield code="b">UNIPILB</subfield>
   <subfield code="c">SERIALS</subfield>
   <subfield code="e">20050127</subfield>
   <subfield code="h">Αλφαβητική σειρά</subfield>
   <subfield code="p">39375</subfield>
   <subfield code="q">39375</subfield>
   <subfield code="t">NOLOAN</subfield>
   <subfield code="v">vol.79;no.12:(Μήνας)December;(Έτος)2003</subfield>
   <subfield code="y">23</subfield>
  </datafield>
  <datafield tag="852" ind1=" " ind2=" ">
   <subfield code="a">INST</subfield>
   <subfield code="b">UNIPILB</subfield>
   <subfield code="c">SERIALS</subfield>
   <subfield code="e">20050203</subfield>
   <subfield code="h">Αλφαβητική σειρά</subfield>
   <subfield code="p">39605</subfield>
   <subfield code="q">39605</subfield>
   <subfield code="t">NOLOAN</subfield>
   <subfield code="v">vol.80;no.1:(Μήνας)January;(Έτος)2004</subfield>
   <subfield code="y">23</subfield>
  </datafield>
  <datafield tag="852" ind1=" " ind2=" ">
   <subfield code="a">INST</subfield>
   <subfield code="b">UNIPILB</subfield>
   <subfield code="c">SERIALS</subfield>
   <subfield code="e">20050203</subfield>
   <subfield code="h">Αλφαβητική σειρά</subfield>
   <subfield code="p">39606</subfield>
   <subfield code="q">39606</subfield>
   <subfield code="t">NOLOAN</subfield>
   <subfield code="v">vol.80;no.2:(Μήνας)February;(Έτος)2004</subfield>
   <subfield code="y">23</subfield>
  </datafield>
  <datafield tag="852" ind1=" " ind2=" ">
   <subfield code="a">INST</subfield>
   <subfield code="b">UNIPILB</subfield>
   <subfield code="c">SERIALS</subfield>
   <subfield code="e">20050203</subfield>
   <subfield code="h">Αλφαβητική σειρά</subfield>
   <subfield code="p">39607</subfield>
   <subfield code="q">39607</subfield>
   <subfield code="t">NOLOAN</subfield>
   <subfield code="v">vol.80;no.3:(Μήνας)March;(Έτος)2004</subfield>
   <subfield code="y">23</subfield>
  </datafield>
  <datafield tag="852" ind1=" " ind2=" ">
   <subfield code="a">INST</subfield>
   <subfield code="b">UNIPILB</subfield>
   <subfield code="c">SERIALS</subfield>
   <subfield code="e">20050203</subfield>
   <subfield code="h">Αλφαβητική σειρά</subfield>
   <subfield code="p">39608</subfield>
   <subfield code="q">39608</subfield>
   <subfield code="t">NOLOAN</subfield>
   <subfield code="v">vol.80;no.4-5:(Μήνες)April-May;(Έτος)2004</subfield>
   <subfield code="y">23</subfield>
  </datafield>
  <datafield tag="852" ind1=" " ind2=" ">
   <subfield code="a">INST</subfield>
   <subfield code="b">UNIPILB</subfield>
   <subfield code="c">SERIALS</subfield>
   <subfield code="e">20050203</subfield>
   <subfield code="h">Αλφαβητική σειρά</subfield>
   <subfield code="p">39617</subfield>
   <subfield code="q">39617</subfield>
   <subfield code="t">NOLOAN</subfield>
   <subfield code="v">vol.80;no.7-8:(Μήνες)July-August;(Έτος)2004</subfield>
   <subfield code="y">23</subfield>
  </datafield>
  <datafield tag="852" ind1=" " ind2=" ">
   <subfield code="a">INST</subfield>
   <subfield code="b">UNIPILB</subfield>
   <subfield code="c">SERIALS</subfield>
   <subfield code="e">20050204</subfield>
   <subfield code="h">Αλφαβητική σειρά</subfield>
   <subfield code="p">39686</subfield>
   <subfield code="q">39686</subfield>
   <subfield code="t">NOLOAN</subfield>
   <subfield code="v">vol.80;no.9:(Μήνας)September;(Έτος)2004</subfield>
   <subfield code="y">23</subfield>
  </datafield>
  <datafield tag="852" ind1=" " ind2=" ">
   <subfield code="a">INST</subfield>
   <subfield code="b">UNIPILB</subfield>
   <subfield code="c">SERIALS</subfield>
   <subfield code="e">20050204</subfield>
   <subfield code="h">Αλφαβητική σειρά</subfield>
   <subfield code="p">39687</subfield>
   <subfield code="q">39687</subfield>
   <subfield code="t">NOLOAN</subfield>
   <subfield code="v">vol.80;no.10:(Μήνας)October;(Έτος)2004</subfield>
   <subfield code="y">23</subfield>
  </datafield>
  <datafield tag="852" ind1=" " ind2=" ">
   <subfield code="a">INST</subfield>
   <subfield code="b">UNIPILB</subfield>
   <subfield code="c">SERIALS</subfield>
   <subfield code="e">20050516</subfield>
   <subfield code="h">Αλφαβητική σειρά</subfield>
   <subfield code="p">43104</subfield>
   <subfield code="q">43104</subfield>
   <subfield code="t">NOLOAN</subfield>
   <subfield code="v">vol.80;no.12:(Μήνας)December;(Έτος)2004</subfield>
   <subfield code="y">23</subfield>
  </datafield>
  <datafield tag="852" ind1=" " ind2=" ">
   <subfield code="a">INST</subfield>
   <subfield code="b">UNIPILB</subfield>
   <subfield code="c">SERIALS</subfield>
   <subfield code="e">20051024</subfield>
   <subfield code="h">Αλφαβητική σειρά</subfield>
   <subfield code="p">47900</subfield>
   <subfield code="q">47900</subfield>
   <subfield code="t">NOLOAN</subfield>
   <subfield code="v">vol.80;no.11:(Μήνας)November;(Έτος)2004</subfield>
   <subfield code="y">23</subfield>
  </datafield>
  <datafield tag="852" ind1=" " ind2=" ">
   <subfield code="a">INST</subfield>
   <subfield code="b">UNIPILB</subfield>
   <subfield code="c">SERIALS</subfield>
   <subfield code="e">20051129</subfield>
   <subfield code="h">Αλφαβητική σειρά</subfield>
   <subfield code="p">48803</subfield>
   <subfield code="q">48803</subfield>
   <subfield code="t">NOLOAN</subfield>
   <subfield code="v">vol.81;no.1:(Μήνας)January;(Έτος)2005</subfield>
   <subfield code="y">23</subfield>
  </datafield>
  <datafield tag="852" ind1=" " ind2=" ">
   <subfield code="a">INST</subfield>
   <subfield code="b">UNIPILB</subfield>
   <subfield code="c">SERIALS</subfield>
   <subfield code="e">20051129</subfield>
   <subfield code="h">Αλφαβητική σειρά</subfield>
   <subfield code="p">48804</subfield>
   <subfield code="q">48804</subfield>
   <subfield code="t">NOLOAN</subfield>
   <subfield code="v">vol.81;no.2:(Μήνας)February;(Έτος)2005</subfield>
   <subfield code="y">23</subfield>
  </datafield>
  <datafield tag="852" ind1=" " ind2=" ">
   <subfield code="a">INST</subfield>
   <subfield code="b">UNIPILB</subfield>
   <subfield code="c">SERIALS</subfield>
   <subfield code="e">20051129</subfield>
   <subfield code="h">Αλφαβητική σειρά</subfield>
   <subfield code="p">48805</subfield>
   <subfield code="q">48805</subfield>
   <subfield code="t">NOLOAN</subfield>
   <subfield code="v">vol.81;no.3:(Μήνας)March;(Έτος)2005</subfield>
   <subfield code="y">23</subfield>
  </datafield>
  <datafield tag="852" ind1=" " ind2=" ">
   <subfield code="a">INST</subfield>
   <subfield code="b">UNIPILB</subfield>
   <subfield code="c">SERIALS</subfield>
   <subfield code="e">20051129</subfield>
   <subfield code="h">Αλφαβητική σειρά</subfield>
   <subfield code="p">48806</subfield>
   <subfield code="q">48806</subfield>
   <subfield code="t">NOLOAN</subfield>
   <subfield code="v">vol.81;no.4:(Μήνας)April;(Έτος)2005</subfield>
   <subfield code="y">23</subfield>
  </datafield>
  <datafield tag="852" ind1=" " ind2=" ">
   <subfield code="a">INST</subfield>
   <subfield code="b">UNIPILB</subfield>
   <subfield code="c">SERIALS</subfield>
   <subfield code="e">20051129</subfield>
   <subfield code="h">Αλφαβητική σειρά</subfield>
   <subfield code="p">48807</subfield>
   <subfield code="q">48807</subfield>
   <subfield code="t">NOLOAN</subfield>
   <subfield code="v">vol.81;no.5:(Μήνας)May;(Έτος)2005</subfield>
   <subfield code="y">23</subfield>
  </datafield>
  <datafield tag="852" ind1=" " ind2=" ">
   <subfield code="a">INST</subfield>
   <subfield code="b">UNIPILB</subfield>
   <subfield code="c">SERIALS</subfield>
   <subfield code="e">20051129</subfield>
   <subfield code="h">Αλφαβητική σειρά</subfield>
   <subfield code="p">48808</subfield>
   <subfield code="q">48808</subfield>
   <subfield code="t">NOLOAN</subfield>
   <subfield code="v">vol.81;no.6:(Μήνας)June;(Έτος)2005</subfield>
   <subfield code="y">23</subfield>
  </datafield>
  <datafield tag="852" ind1=" " ind2=" ">
   <subfield code="a">INST</subfield>
   <subfield code="b">UNIPILB</subfield>
   <subfield code="c">SERIALS</subfield>
   <subfield code="e">20051129</subfield>
   <subfield code="h">Αλφαβητική σειρά</subfield>
   <subfield code="p">48809</subfield>
   <subfield code="q">48809</subfield>
   <subfield code="t">NOLOAN</subfield>
   <subfield code="v">vol.81;no.7:(Μήνας)July;(Έτος)2005</subfield>
   <subfield code="y">23</subfield>
  </datafield>
  <datafield tag="852" ind1=" " ind2=" ">
   <subfield code="a">INST</subfield>
   <subfield code="b">UNIPILB</subfield>
   <subfield code="c">SERIALS</subfield>
   <subfield code="e">20060120</subfield>
   <subfield code="h">Αλφαβητική σειρά</subfield>
   <subfield code="p">49794</subfield>
   <subfield code="q">49794</subfield>
   <subfield code="t">NOLOAN</subfield>
   <subfield code="v">vol.81;no.8:(Μήνας)August;(Έτος)2005</subfield>
   <subfield code="y">23</subfield>
  </datafield>
  <datafield tag="852" ind1=" " ind2=" ">
   <subfield code="a">INST</subfield>
   <subfield code="b">UNIPILB</subfield>
   <subfield code="c">SERIALS</subfield>
   <subfield code="e">20060120</subfield>
   <subfield code="h">Αλφαβητική σειρά</subfield>
   <subfield code="p">49795</subfield>
   <subfield code="q">49795</subfield>
   <subfield code="t">NOLOAN</subfield>
   <subfield code="v">vol.81;no.9:(Μήνας)September;(Έτος)2005</subfield>
   <subfield code="y">23</subfield>
  </datafield>
  <datafield tag="852" ind1=" " ind2=" ">
   <subfield code="a">INST</subfield>
   <subfield code="b">UNIPILB</subfield>
   <subfield code="c">SERIALS</subfield>
   <subfield code="e">20060120</subfield>
   <subfield code="h">Αλφαβητική σειρά</subfield>
   <subfield code="p">49796</subfield>
   <subfield code="q">49796</subfield>
   <subfield code="t">NOLOAN</subfield>
   <subfield code="v">vol.81;no.10:(Μήνας)October;(Έτος)2005</subfield>
   <subfield code="y">23</subfield>
  </datafield>
  <datafield tag="852" ind1=" " ind2=" ">
   <subfield code="a">INST</subfield>
   <subfield code="b">UNIPILB</subfield>
   <subfield code="c">SERIALS</subfield>
   <subfield code="e">20060209</subfield>
   <subfield code="h">Αλφαβητική σειρά</subfield>
   <subfield code="p">50221</subfield>
   <subfield code="q">50221</subfield>
   <subfield code="t">NOLOAN</subfield>
   <subfield code="v">vol.81;no.11:(Μήνας)November;(Έτος)2005</subfield>
   <subfield code="y">23</subfield>
  </datafield>
  <datafield tag="852" ind1=" " ind2=" ">
   <subfield code="a">INST</subfield>
   <subfield code="b">UNIPILB</subfield>
   <subfield code="c">SERIALS</subfield>
   <subfield code="e">20060518</subfield>
   <subfield code="h">Αλφαβητική σειρά</subfield>
   <subfield code="p">51548</subfield>
   <subfield code="q">51548</subfield>
   <subfield code="t">NOLOAN</subfield>
   <subfield code="v">vol.81;no.12:(Μήνας)December;(Έτος)2005</subfield>
   <subfield code="y">23</subfield>
  </datafield>
  <datafield tag="852" ind1=" " ind2=" ">
   <subfield code="a">INST</subfield>
   <subfield code="b">UNIPILB</subfield>
   <subfield code="c">SERIALS</subfield>
   <subfield code="e">20070913</subfield>
   <subfield code="h">Αλφαβητική σειρά</subfield>
   <subfield code="p">57022</subfield>
   <subfield code="q">57022</subfield>
   <subfield code="t">NOLOAN</subfield>
   <subfield code="v">vol.82;no.1:(Μήνας)January;(Έτος)2006</subfield>
   <subfield code="y">23</subfield>
  </datafield>
  <datafield tag="852" ind1=" " ind2=" ">
   <subfield code="a">INST</subfield>
   <subfield code="b">UNIPILB</subfield>
   <subfield code="c">SERIALS</subfield>
   <subfield code="e">20070913</subfield>
   <subfield code="h">Αλφαβητική σειρά</subfield>
   <subfield code="p">57023</subfield>
   <subfield code="q">57023</subfield>
   <subfield code="t">NOLOAN</subfield>
   <subfield code="v">vol.82;no.2:(Μήνας)February;(Έτος)2006</subfield>
   <subfield code="y">23</subfield>
  </datafield>
  <datafield tag="852" ind1=" " ind2=" ">
   <subfield code="a">INST</subfield>
   <subfield code="b">UNIPILB</subfield>
   <subfield code="c">SERIALS</subfield>
   <subfield code="e">20070913</subfield>
   <subfield code="h">Αλφαβητική σειρά</subfield>
   <subfield code="p">57024</subfield>
   <subfield code="q">57024</subfield>
   <subfield code="t">NOLOAN</subfield>
   <subfield code="v">vol.82;no.3:(Μήνας)March;(Έτος)2006</subfield>
   <subfield code="y">23</subfield>
  </datafield>
  <datafield tag="852" ind1=" " ind2=" ">
   <subfield code="a">INST</subfield>
   <subfield code="b">UNIPILB</subfield>
   <subfield code="c">SERIALS</subfield>
   <subfield code="e">20070913</subfield>
   <subfield code="h">Αλφαβητική σειρά</subfield>
   <subfield code="p">57025</subfield>
   <subfield code="q">57025</subfield>
   <subfield code="t">NOLOAN</subfield>
   <subfield code="v">vol.82;no.4:(Μήνας)April;(Έτος)2006</subfield>
   <subfield code="y">23</subfield>
  </datafield>
  <datafield tag="852" ind1=" " ind2=" ">
   <subfield code="a">INST</subfield>
   <subfield code="b">UNIPILB</subfield>
   <subfield code="c">SERIALS</subfield>
   <subfield code="e">20070913</subfield>
   <subfield code="h">Αλφαβητική σειρά</subfield>
   <subfield code="p">57026</subfield>
   <subfield code="q">57026</subfield>
   <subfield code="t">NOLOAN</subfield>
   <subfield code="v">vol.82;no.5:(Μήνας)May;(Έτος)2006</subfield>
   <subfield code="y">23</subfield>
  </datafield>
  <datafield tag="852" ind1=" " ind2=" ">
   <subfield code="a">INST</subfield>
   <subfield code="b">UNIPILB</subfield>
   <subfield code="c">SERIALS</subfield>
   <subfield code="e">20070913</subfield>
   <subfield code="h">Αλφαβητική σειρά</subfield>
   <subfield code="p">57027</subfield>
   <subfield code="q">57027</subfield>
   <subfield code="t">NOLOAN</subfield>
   <subfield code="v">vol.82;no.6:(Μήνας)June;(Έτος)2006</subfield>
   <subfield code="y">23</subfield>
  </datafield>
  <datafield tag="852" ind1=" " ind2=" ">
   <subfield code="a">INST</subfield>
   <subfield code="b">UNIPILB</subfield>
   <subfield code="c">SERIALS</subfield>
   <subfield code="e">20070913</subfield>
   <subfield code="h">Αλφαβητική σειρά</subfield>
   <subfield code="p">57028</subfield>
   <subfield code="q">57028</subfield>
   <subfield code="t">NOLOAN</subfield>
   <subfield code="v">vol.82;no.7:(Μήνας)July;(Έτος)2006</subfield>
   <subfield code="y">23</subfield>
  </datafield>
  <datafield tag="852" ind1=" " ind2=" ">
   <subfield code="a">INST</subfield>
   <subfield code="b">UNIPILB</subfield>
   <subfield code="c">SERIALS</subfield>
   <subfield code="e">20070913</subfield>
   <subfield code="h">Αλφαβητική σειρά</subfield>
   <subfield code="p">57029</subfield>
   <subfield code="q">57029</subfield>
   <subfield code="t">NOLOAN</subfield>
   <subfield code="v">vol.82;no.8:(Μήνας)August;(Έτος)2006</subfield>
   <subfield code="y">23</subfield>
  </datafield>
  <datafield tag="852" ind1=" " ind2=" ">
   <subfield code="a">INST</subfield>
   <subfield code="b">UNIPILB</subfield>
   <subfield code="c">SERIALS</subfield>
   <subfield code="e">20070913</subfield>
   <subfield code="h">Αλφαβητική σειρά</subfield>
   <subfield code="p">57030</subfield>
   <subfield code="q">57030</subfield>
   <subfield code="t">NOLOAN</subfield>
   <subfield code="v">vol.82;no.9:(Μήνας)September;(Έτος)2006</subfield>
   <subfield code="y">23</subfield>
  </datafield>
  <datafield tag="852" ind1=" " ind2=" ">
   <subfield code="a">INST</subfield>
   <subfield code="b">UNIPILB</subfield>
   <subfield code="c">SERIALS</subfield>
   <subfield code="e">20070913</subfield>
   <subfield code="h">Αλφαβητική σειρά</subfield>
   <subfield code="p">57031</subfield>
   <subfield code="q">57031</subfield>
   <subfield code="t">NOLOAN</subfield>
   <subfield code="v">vol.82;no.10:(Μήνας)October;(Έτος)2006</subfield>
   <subfield code="y">23</subfield>
  </datafield>
  <datafield tag="852" ind1=" " ind2=" ">
   <subfield code="a">INST</subfield>
   <subfield code="b">UNIPILB</subfield>
   <subfield code="c">SERIALS</subfield>
   <subfield code="e">20070913</subfield>
   <subfield code="h">Αλφαβητική σειρά</subfield>
   <subfield code="p">57032</subfield>
   <subfield code="q">57032</subfield>
   <subfield code="t">NOLOAN</subfield>
   <subfield code="v">vol.82;no.11:(Μήνας)November;(Έτος)2006</subfield>
   <subfield code="y">23</subfield>
  </datafield>
  <datafield tag="852" ind1=" " ind2=" ">
   <subfield code="a">INST</subfield>
   <subfield code="b">UNIPILB</subfield>
   <subfield code="c">SERIALS</subfield>
   <subfield code="e">20070913</subfield>
   <subfield code="h">Αλφαβητική σειρά</subfield>
   <subfield code="p">57033</subfield>
   <subfield code="q">57033</subfield>
   <subfield code="t">NOLOAN</subfield>
   <subfield code="v">vol.82;no.12:(Μήνας)December;(Έτος)2006</subfield>
   <subfield code="y">23</subfield>
  </datafield>
  <datafield tag="852" ind1=" " ind2=" ">
   <subfield code="a">INST</subfield>
   <subfield code="b">UNIPILB</subfield>
   <subfield code="c">SERIALS</subfield>
   <subfield code="e">20080718</subfield>
   <subfield code="h">Αλφαβητική σειρά</subfield>
   <subfield code="p">61101</subfield>
   <subfield code="q">61101</subfield>
   <subfield code="t">NOLOAN</subfield>
   <subfield code="v">vol.83;no.1:(Μήνας)January;(Έτος)2007</subfield>
   <subfield code="y">23</subfield>
  </datafield>
  <datafield tag="852" ind1=" " ind2=" ">
   <subfield code="a">INST</subfield>
   <subfield code="b">UNIPILB</subfield>
   <subfield code="c">SERIALS</subfield>
   <subfield code="e">20080718</subfield>
   <subfield code="h">Αλφαβητική σειρά</subfield>
   <subfield code="p">61102</subfield>
   <subfield code="q">61102</subfield>
   <subfield code="t">NOLOAN</subfield>
   <subfield code="v">vol.83;no.2:(Μήνας)February;(Έτος)2007</subfield>
   <subfield code="y">23</subfield>
  </datafield>
  <datafield tag="852" ind1=" " ind2=" ">
   <subfield code="a">INST</subfield>
   <subfield code="b">UNIPILB</subfield>
   <subfield code="c">SERIALS</subfield>
   <subfield code="e">20080718</subfield>
   <subfield code="h">Αλφαβητική σειρά</subfield>
   <subfield code="p">61103</subfield>
   <subfield code="q">61103</subfield>
   <subfield code="t">NOLOAN</subfield>
   <subfield code="v">vol.83;no.3:(Μήνας)March;(Έτος)2007</subfield>
   <subfield code="y">23</subfield>
  </datafield>
  <datafield tag="852" ind1=" " ind2=" ">
   <subfield code="a">INST</subfield>
   <subfield code="b">UNIPILB</subfield>
   <subfield code="c">SERIALS</subfield>
   <subfield code="e">20080718</subfield>
   <subfield code="h">Αλφαβητική σειρά</subfield>
   <subfield code="p">61104</subfield>
   <subfield code="q">61104</subfield>
   <subfield code="t">NOLOAN</subfield>
   <subfield code="v">vol.83;no.4:(Μήνας)April;(Έτος)2007</subfield>
   <subfield code="y">23</subfield>
  </datafield>
  <datafield tag="852" ind1=" " ind2=" ">
   <subfield code="a">INST</subfield>
   <subfield code="b">UNIPILB</subfield>
   <subfield code="c">SERIALS</subfield>
   <subfield code="e">20080718</subfield>
   <subfield code="h">Αλφαβητική σειρά</subfield>
   <subfield code="p">61105</subfield>
   <subfield code="q">61105</subfield>
   <subfield code="t">NOLOAN</subfield>
   <subfield code="v">vol.83;no.5:(Μήνας)May;(Έτος)2007</subfield>
   <subfield code="y">23</subfield>
  </datafield>
  <datafield tag="852" ind1=" " ind2=" ">
   <subfield code="a">INST</subfield>
   <subfield code="b">UNIPILB</subfield>
   <subfield code="c">SERIALS</subfield>
   <subfield code="e">20080718</subfield>
   <subfield code="h">Αλφαβητική σειρά</subfield>
   <subfield code="p">61106</subfield>
   <subfield code="q">61106</subfield>
   <subfield code="t">NOLOAN</subfield>
   <subfield code="v">vol.83;no.6:(Μήνας)June;(Έτος)2007</subfield>
   <subfield code="y">23</subfield>
  </datafield>
  <datafield tag="852" ind1=" " ind2=" ">
   <subfield code="a">INST</subfield>
   <subfield code="b">UNIPILB</subfield>
   <subfield code="c">SERIALS</subfield>
   <subfield code="e">20080718</subfield>
   <subfield code="h">Αλφαβητική σειρά</subfield>
   <subfield code="p">61107</subfield>
   <subfield code="q">61107</subfield>
   <subfield code="t">NOLOAN</subfield>
   <subfield code="v">vol.83;no.7:(Μήνας)July;(Έτος)2007</subfield>
   <subfield code="y">23</subfield>
  </datafield>
  <datafield tag="852" ind1=" " ind2=" ">
   <subfield code="a">INST</subfield>
   <subfield code="b">UNIPILB</subfield>
   <subfield code="c">SERIALS</subfield>
   <subfield code="e">20080718</subfield>
   <subfield code="h">Αλφαβητική σειρά</subfield>
   <subfield code="p">61108</subfield>
   <subfield code="q">61108</subfield>
   <subfield code="t">NOLOAN</subfield>
   <subfield code="v">vol.83;no.8:(Μήνας)August;(Έτος)2007</subfield>
   <subfield code="y">23</subfield>
  </datafield>
  <datafield tag="852" ind1=" " ind2=" ">
   <subfield code="a">INST</subfield>
   <subfield code="b">UNIPILB</subfield>
   <subfield code="c">SERIALS</subfield>
   <subfield code="e">20080718</subfield>
   <subfield code="h">Αλφαβητική σειρά</subfield>
   <subfield code="p">61109</subfield>
   <subfield code="q">61109</subfield>
   <subfield code="t">NOLOAN</subfield>
   <subfield code="v">vol.83;no.9:(Μήνας)September;(Έτος)2007</subfield>
   <subfield code="y">23</subfield>
  </datafield>
  <datafield tag="852" ind1=" " ind2=" ">
   <subfield code="a">INST</subfield>
   <subfield code="b">UNIPILB</subfield>
   <subfield code="c">SERIALS</subfield>
   <subfield code="e">20080718</subfield>
   <subfield code="h">Αλφαβητική σειρά</subfield>
   <subfield code="p">61110</subfield>
   <subfield code="q">61110</subfield>
   <subfield code="t">NOLOAN</subfield>
   <subfield code="v">vol.83;no.10:(Μήνας)October;(Έτος)2007</subfield>
   <subfield code="y">23</subfield>
  </datafield>
  <datafield tag="852" ind1=" " ind2=" ">
   <subfield code="a">INST</subfield>
   <subfield code="b">UNIPILB</subfield>
   <subfield code="c">SERIALS</subfield>
   <subfield code="e">20080718</subfield>
   <subfield code="h">Αλφαβητική σειρά</subfield>
   <subfield code="p">61111</subfield>
   <subfield code="q">61111</subfield>
   <subfield code="t">NOLOAN</subfield>
   <subfield code="v">vol.83;no.11:(Μήνας)November;(Έτος)2007</subfield>
   <subfield code="y">23</subfield>
  </datafield>
  <datafield tag="852" ind1=" " ind2=" ">
   <subfield code="a">INST</subfield>
   <subfield code="b">UNIPILB</subfield>
   <subfield code="c">SERIALS</subfield>
   <subfield code="e">20080718</subfield>
   <subfield code="h">Αλφαβητική σειρά</subfield>
   <subfield code="p">61112</subfield>
   <subfield code="q">61112</subfield>
   <subfield code="t">NOLOAN</subfield>
   <subfield code="v">vol.83;no.12:(Μήνας)December;(Έτος)2007</subfield>
   <subfield code="y">23</subfield>
  </datafield>
  <datafield tag="852" ind1=" " ind2=" ">
   <subfield code="a">INST</subfield>
   <subfield code="b">UNIPILB</subfield>
   <subfield code="c">SERIALS</subfield>
   <subfield code="e">20091027</subfield>
   <subfield code="h">Αλφαβητική σειρά</subfield>
   <subfield code="p">65081</subfield>
   <subfield code="q">65081</subfield>
   <subfield code="t">NOLOAN</subfield>
   <subfield code="v">vol.85;no.2:(Μήνας)February;(Έτος)2009</subfield>
   <subfield code="y">23</subfield>
  </datafield>
  <datafield tag="852" ind1=" " ind2=" ">
   <subfield code="a">INST</subfield>
   <subfield code="b">UNIPILB</subfield>
   <subfield code="c">SERIALS</subfield>
   <subfield code="e">20091027</subfield>
   <subfield code="h">Αλφαβητική σειρά</subfield>
   <subfield code="p">65082</subfield>
   <subfield code="q">65082</subfield>
   <subfield code="t">NOLOAN</subfield>
   <subfield code="v">vol.85;no.3:(Μήνας)March;(Έτος)2009</subfield>
   <subfield code="y">23</subfield>
  </datafield>
  <datafield tag="852" ind1=" " ind2=" ">
   <subfield code="a">INST</subfield>
   <subfield code="b">UNIPILB</subfield>
   <subfield code="c">SERIALS</subfield>
   <subfield code="e">20091030</subfield>
   <subfield code="h">Αλφαβητική σειρά</subfield>
   <subfield code="p">65150</subfield>
   <subfield code="q">65150</subfield>
   <subfield code="t">NOLOAN</subfield>
   <subfield code="v">vol.85;no.1:(Μήνας)January;(Έτος)2009</subfield>
   <subfield code="y">23</subfield>
  </datafield>
  <datafield tag="852" ind1=" " ind2=" ">
   <subfield code="a">INST</subfield>
   <subfield code="b">UNIPILB</subfield>
   <subfield code="c">SERIALS</subfield>
   <subfield code="e">20091126</subfield>
   <subfield code="h">Αλφαβητική σειρά</subfield>
   <subfield code="p">65470</subfield>
   <subfield code="q">65470</subfield>
   <subfield code="t">NOLOAN</subfield>
   <subfield code="v">vol.85;no.9:(Μήνας)September;(Έτος)2009</subfield>
   <subfield code="y">23</subfield>
  </datafield>
  <datafield tag="852" ind1=" " ind2=" ">
   <subfield code="a">INST</subfield>
   <subfield code="b">UNIPILB</subfield>
   <subfield code="c">SERIALS</subfield>
   <subfield code="e">20091126</subfield>
   <subfield code="h">Αλφαβητική σειρά</subfield>
   <subfield code="p">65504</subfield>
   <subfield code="q">65504</subfield>
   <subfield code="t">NOLOAN</subfield>
   <subfield code="v">vol.85;no.10:(Μήνας)October;(Έτος)2009</subfield>
   <subfield code="y">23</subfield>
  </datafield>
  <datafield tag="852" ind1=" " ind2=" ">
   <subfield code="a">INST</subfield>
   <subfield code="b">UNIPILB</subfield>
   <subfield code="c">SERIALS</subfield>
   <subfield code="e">20091211</subfield>
   <subfield code="h">Αλφαβητική σειρά</subfield>
   <subfield code="p">65799</subfield>
   <subfield code="q">65799</subfield>
   <subfield code="t">NOLOAN</subfield>
   <subfield code="v">vol.85;no.11/12:(Μήνες)November/December	;(Έτος)2009</subfield>
   <subfield code="y">23</subfield>
  </datafield>
  <datafield tag="852" ind1=" " ind2=" ">
   <subfield code="a">INST</subfield>
   <subfield code="b">UNIPILB</subfield>
   <subfield code="c">SERIALS</subfield>
   <subfield code="e">20100111</subfield>
   <subfield code="h">Αλφαβητική σειρά</subfield>
   <subfield code="p">66196</subfield>
   <subfield code="q">66196</subfield>
   <subfield code="t">NOLOAN</subfield>
   <subfield code="v">vol.85;no.4:(Μήνας)April;(Έτος)2009</subfield>
   <subfield code="y">23</subfield>
  </datafield>
  <datafield tag="852" ind1=" " ind2=" ">
   <subfield code="a">INST</subfield>
   <subfield code="b">UNIPILB</subfield>
   <subfield code="c">SERIALS</subfield>
   <subfield code="e">20100111</subfield>
   <subfield code="h">Αλφαβητική σειρά</subfield>
   <subfield code="p">66197</subfield>
   <subfield code="q">66197</subfield>
   <subfield code="t">NOLOAN</subfield>
   <subfield code="v">vol.85;no.5:(Μήνας)May;(Έτος)2009</subfield>
   <subfield code="y">23</subfield>
  </datafield>
  <datafield tag="852" ind1=" " ind2=" ">
   <subfield code="a">INST</subfield>
   <subfield code="b">UNIPILB</subfield>
   <subfield code="c">SERIALS</subfield>
   <subfield code="e">20100310</subfield>
   <subfield code="h">Αλφαβητική σειρά</subfield>
   <subfield code="p">67371</subfield>
   <subfield code="q">67371</subfield>
   <subfield code="t">NOLOAN</subfield>
   <subfield code="v">vol.85;no.8:(Μήνας)August;(Έτος)2009</subfield>
   <subfield code="y">23</subfield>
  </datafield>
  <datafield tag="852" ind1=" " ind2=" ">
   <subfield code="a">INST</subfield>
   <subfield code="b">UNIPILB</subfield>
   <subfield code="c">SERIALS</subfield>
   <subfield code="e">20100514</subfield>
   <subfield code="h">Αλφαβητική σειρά</subfield>
   <subfield code="p">68090</subfield>
   <subfield code="q">68090</subfield>
   <subfield code="t">NOLOAN</subfield>
   <subfield code="v">vol.85;no.6:(Μήνας)June;(Έτος)2009</subfield>
   <subfield code="y">23</subfield>
  </datafield>
  <datafield tag="852" ind1=" " ind2=" ">
   <subfield code="a">INST</subfield>
   <subfield code="b">UNIPILB</subfield>
   <subfield code="c">SERIALS</subfield>
   <subfield code="e">20100706</subfield>
   <subfield code="h">Αλφαβητική σειρά</subfield>
   <subfield code="p">69425</subfield>
   <subfield code="q">69425</subfield>
   <subfield code="t">NOLOAN</subfield>
   <subfield code="v">vol.86;no.1:(Μήνας)January;(Έτος)2010</subfield>
   <subfield code="y">23</subfield>
  </datafield>
  <datafield tag="852" ind1=" " ind2=" ">
   <subfield code="a">INST</subfield>
   <subfield code="b">UNIPILB</subfield>
   <subfield code="c">SERIALS</subfield>
   <subfield code="e">20100706</subfield>
   <subfield code="h">Αλφαβητική σειρά</subfield>
   <subfield code="p">69426</subfield>
   <subfield code="q">69426</subfield>
   <subfield code="t">NOLOAN</subfield>
   <subfield code="v">vol.86;no.2:(Μήνας)February;(Έτος)2010</subfield>
   <subfield code="y">23</subfield>
  </datafield>
  <datafield tag="852" ind1=" " ind2=" ">
   <subfield code="a">INST</subfield>
   <subfield code="b">UNIPILB</subfield>
   <subfield code="c">SERIALS</subfield>
   <subfield code="e">20100830</subfield>
   <subfield code="h">Αλφαβητική σειρά</subfield>
   <subfield code="p">69689</subfield>
   <subfield code="q">69689</subfield>
   <subfield code="t">NOLOAN</subfield>
   <subfield code="v">vol.86;no.4:(Μήνας)April;(Έτος)2010</subfield>
   <subfield code="y">23</subfield>
  </datafield>
  <datafield tag="852" ind1=" " ind2=" ">
   <subfield code="a">INST</subfield>
   <subfield code="b">UNIPILB</subfield>
   <subfield code="c">SERIALS</subfield>
   <subfield code="e">20100930</subfield>
   <subfield code="h">Αλφαβητική σειρά</subfield>
   <subfield code="p">69941</subfield>
   <subfield code="q">69941</subfield>
   <subfield code="t">NOLOAN</subfield>
   <subfield code="v">vol.86;no.7:(Μήνας)July;(Έτος)2010</subfield>
   <subfield code="y">23</subfield>
  </datafield>
  <datafield tag="852" ind1=" " ind2=" ">
   <subfield code="a">INST</subfield>
   <subfield code="b">UNIPILB</subfield>
   <subfield code="c">SERIALS</subfield>
   <subfield code="e">20101112</subfield>
   <subfield code="h">Αλφαβητική σειρά</subfield>
   <subfield code="p">70544</subfield>
   <subfield code="q">70544</subfield>
   <subfield code="t">NOLOAN</subfield>
   <subfield code="v">vol.86;no.10:(Μήνας)October;(Έτος)2010</subfield>
   <subfield code="y">23</subfield>
  </datafield>
  <datafield tag="852" ind1=" " ind2=" ">
   <subfield code="a">INST</subfield>
   <subfield code="b">UNIPILB</subfield>
   <subfield code="c">SERIALS</subfield>
   <subfield code="e">20110726</subfield>
   <subfield code="h">Αλφαβητική σειρά</subfield>
   <subfield code="p">72504</subfield>
   <subfield code="q">72504</subfield>
   <subfield code="t">NOLOAN</subfield>
   <subfield code="v">vol.86;no.3:(Μήνας)March;(Έτος)2010</subfield>
   <subfield code="y">23</subfield>
  </datafield>
  <datafield tag="852" ind1=" " ind2=" ">
   <subfield code="a">INST</subfield>
   <subfield code="b">UNIPILB</subfield>
   <subfield code="c">SERIALS</subfield>
   <subfield code="e">20110726</subfield>
   <subfield code="h">Αλφαβητική σειρά</subfield>
   <subfield code="p">72505</subfield>
   <subfield code="q">72505</subfield>
   <subfield code="t">NOLOAN</subfield>
   <subfield code="v">vol.86;no.5/6:(Μήνες)May/Jun.;(Έτος)2010</subfield>
   <subfield code="y">23</subfield>
  </datafield>
  <datafield tag="852" ind1=" " ind2=" ">
   <subfield code="a">INST</subfield>
   <subfield code="b">UNIPILB</subfield>
   <subfield code="c">SERIALS</subfield>
   <subfield code="e">20110726</subfield>
   <subfield code="h">Αλφαβητική σειρά</subfield>
   <subfield code="p">72506</subfield>
   <subfield code="q">72506</subfield>
   <subfield code="t">NOLOAN</subfield>
   <subfield code="v">vol.86;no.12:(Μήνας)December;(Έτος)2010</subfield>
   <subfield code="y">23</subfield>
  </datafield>
  <datafield tag="852" ind1=" " ind2=" ">
   <subfield code="a">INST</subfield>
   <subfield code="b">UNIPILB</subfield>
   <subfield code="c">SERIALS</subfield>
   <subfield code="e">20110726</subfield>
   <subfield code="h">Αλφαβητική σειρά</subfield>
   <subfield code="p">72507</subfield>
   <subfield code="q">72507</subfield>
   <subfield code="t">NOLOAN</subfield>
   <subfield code="v">vol.86;no.11:(Μήνας)November;(Έτος)2010</subfield>
   <subfield code="y">23</subfield>
  </datafield>
  <datafield tag="852" ind1=" " ind2=" ">
   <subfield code="a">INST</subfield>
   <subfield code="b">UNIPILB</subfield>
   <subfield code="c">SERIALS</subfield>
   <subfield code="e">20110726</subfield>
   <subfield code="h">Αλφαβητική σειρά</subfield>
   <subfield code="p">72508</subfield>
   <subfield code="q">72508</subfield>
   <subfield code="t">NOLOAN</subfield>
   <subfield code="v">vol.86;no.8/9:(Μήνες)Aug./Sep.;(Έτος)2010</subfield>
   <subfield code="y">23</subfield>
  </datafield>
  <datafield tag="852" ind1=" " ind2=" ">
   <subfield code="a">INST</subfield>
   <subfield code="b">UNIPILB</subfield>
   <subfield code="c">SERIALS</subfield>
   <subfield code="e">20111027</subfield>
   <subfield code="h">Αλφαβητική σειρά</subfield>
   <subfield code="p">73122</subfield>
   <subfield code="q">73122</subfield>
   <subfield code="t">NOLOAN</subfield>
   <subfield code="v">vol.87;no.8:(Μήνας)August;(Έτος)2011</subfield>
   <subfield code="y">23</subfield>
  </datafield>
  <datafield tag="852" ind1=" " ind2=" ">
   <subfield code="a">INST</subfield>
   <subfield code="b">UNIPILB</subfield>
   <subfield code="c">SERIALS</subfield>
   <subfield code="e">20111027</subfield>
   <subfield code="h">Αλφαβητική σειρά</subfield>
   <subfield code="p">73123</subfield>
   <subfield code="q">73123</subfield>
   <subfield code="t">NOLOAN</subfield>
   <subfield code="v">vol.87;no.9:(Μήνας)September;(Έτος)2011</subfield>
   <subfield code="y">23</subfield>
  </datafield>
  <datafield tag="852" ind1=" " ind2=" ">
   <subfield code="a">INST</subfield>
   <subfield code="b">UNIPILB</subfield>
   <subfield code="c">SERIALS</subfield>
   <subfield code="e">20111123</subfield>
   <subfield code="h">Αλφαβητική σειρά</subfield>
   <subfield code="p">73493</subfield>
   <subfield code="q">73493</subfield>
   <subfield code="t">NOLOAN</subfield>
   <subfield code="v">vol.87;no.10:(Μήνας)October;(Έτος)2011</subfield>
   <subfield code="y">23</subfield>
  </datafield>
  <datafield tag="852" ind1=" " ind2=" ">
   <subfield code="a">INST</subfield>
   <subfield code="b">UNIPILB</subfield>
   <subfield code="c">SERIALS</subfield>
   <subfield code="e">20120116</subfield>
   <subfield code="h">Αλφαβητική σειρά</subfield>
   <subfield code="p">73953</subfield>
   <subfield code="q">73953</subfield>
   <subfield code="t">NOLOAN</subfield>
   <subfield code="v">vol.87;no.11:(Μήνας)November;(Έτος)2011</subfield>
   <subfield code="y">23</subfield>
  </datafield>
  <datafield tag="852" ind1=" " ind2=" ">
   <subfield code="a">INST</subfield>
   <subfield code="b">UNIPILB</subfield>
   <subfield code="c">SERIALS</subfield>
   <subfield code="e">20120208</subfield>
   <subfield code="h">Αλφαβητική σειρά</subfield>
   <subfield code="p">74383</subfield>
   <subfield code="q">74383</subfield>
   <subfield code="t">NOLOAN</subfield>
   <subfield code="v">vol.87;no.12:(Μήνας)December;(Έτος)2011</subfield>
   <subfield code="y">23</subfield>
  </datafield>
  <datafield tag="852" ind1=" " ind2=" ">
   <subfield code="a">INST</subfield>
   <subfield code="b">UNIPILB</subfield>
   <subfield code="c">SERIALS</subfield>
   <subfield code="e">20120409</subfield>
   <subfield code="h">Αλφαβητική σειρά</subfield>
   <subfield code="p">75144</subfield>
   <subfield code="q">75144</subfield>
   <subfield code="t">NOLOAN</subfield>
   <subfield code="v">vol.87;no.1/2:(Μήνες)Jan./Feb.;(Έτος)2012</subfield>
   <subfield code="y">23</subfield>
  </datafield>
  <datafield tag="852" ind1=" " ind2=" ">
   <subfield code="a">INST</subfield>
   <subfield code="b">UNIPILB</subfield>
   <subfield code="c">SERIALS</subfield>
   <subfield code="e">20120518</subfield>
   <subfield code="h">Αλφαβητική σειρά</subfield>
   <subfield code="p">75518</subfield>
   <subfield code="q">75518</subfield>
   <subfield code="t">NOLOAN</subfield>
   <subfield code="v">vol.88;no.1:(Μήνας)January;(Έτος)2012</subfield>
   <subfield code="y">23</subfield>
  </datafield>
  <datafield tag="852" ind1=" " ind2=" ">
   <subfield code="a">INST</subfield>
   <subfield code="b">UNIPILB</subfield>
   <subfield code="c">SERIALS</subfield>
   <subfield code="e">20120702</subfield>
   <subfield code="h">Αλφαβητική σειρά</subfield>
   <subfield code="p">75954</subfield>
   <subfield code="q">75954</subfield>
   <subfield code="t">NOLOAN</subfield>
   <subfield code="v">vol.88;no.5:(Μήνας)May;(Έτος)2012</subfield>
   <subfield code="y">23</subfield>
  </datafield>
  <datafield tag="852" ind1=" " ind2=" ">
   <subfield code="a">INST</subfield>
   <subfield code="b">UNIPILB</subfield>
   <subfield code="c">SERIALS</subfield>
   <subfield code="e">20120702</subfield>
   <subfield code="h">Αλφαβητική σειρά</subfield>
   <subfield code="p">75955</subfield>
   <subfield code="q">75955</subfield>
   <subfield code="t">NOLOAN</subfield>
   <subfield code="v">vol.88;no.6:(Μήνας)June;(Έτος)2012</subfield>
   <subfield code="y">23</subfield>
  </datafield>
  <datafield tag="852" ind1=" " ind2=" ">
   <subfield code="a">INST</subfield>
   <subfield code="b">UNIPILB</subfield>
   <subfield code="c">SERIALS</subfield>
   <subfield code="e">20120730</subfield>
   <subfield code="h">Αλφαβητική σειρά</subfield>
   <subfield code="p">76266</subfield>
   <subfield code="q">76266</subfield>
   <subfield code="t">NOLOAN</subfield>
   <subfield code="v">vol.88;no.3:(Μήνας)March;(Έτος)2012</subfield>
   <subfield code="y">23</subfield>
  </datafield>
  <datafield tag="852" ind1=" " ind2=" ">
   <subfield code="a">INST</subfield>
   <subfield code="b">UNIPILB</subfield>
   <subfield code="c">SERIALS</subfield>
   <subfield code="e">20120730</subfield>
   <subfield code="h">Αλφαβητική σειρά</subfield>
   <subfield code="p">76267</subfield>
   <subfield code="q">76267</subfield>
   <subfield code="t">NOLOAN</subfield>
   <subfield code="v">vol.88;no.4:(Μήνας)April;(Έτος)2012</subfield>
   <subfield code="y">23</subfield>
  </datafield>
  <datafield tag="852" ind1=" " ind2=" ">
   <subfield code="a">INST</subfield>
   <subfield code="b">UNIPILB</subfield>
   <subfield code="c">SERIALS</subfield>
   <subfield code="e">20120828</subfield>
   <subfield code="h">Αλφαβητική σειρά</subfield>
   <subfield code="p">76303</subfield>
   <subfield code="q">76303</subfield>
   <subfield code="t">NOLOAN</subfield>
   <subfield code="v">vol.88;no.7:(Μήνας)July;(Έτος)2012</subfield>
   <subfield code="y">23</subfield>
  </datafield>
  <datafield tag="852" ind1=" " ind2=" ">
   <subfield code="a">INST</subfield>
   <subfield code="b">UNIPILB</subfield>
   <subfield code="c">SERIALS</subfield>
   <subfield code="e">20120924</subfield>
   <subfield code="h">Αλφαβητική σειρά</subfield>
   <subfield code="p">76623</subfield>
   <subfield code="q">76623</subfield>
   <subfield code="t">NOLOAN</subfield>
   <subfield code="v">vol.88;no.8:(Μήνας)August;(Έτος)2012</subfield>
   <subfield code="y">23</subfield>
  </datafield>
  <datafield tag="852" ind1=" " ind2=" ">
   <subfield code="a">INST</subfield>
   <subfield code="b">UNIPILB</subfield>
   <subfield code="c">SERIALS</subfield>
   <subfield code="e">20121022</subfield>
   <subfield code="h">Αλφαβητική σειρά</subfield>
   <subfield code="p">76943</subfield>
   <subfield code="q">76943</subfield>
   <subfield code="t">NOLOAN</subfield>
   <subfield code="v">vol.88;no.2:(Μήνας)February;(Έτος)2012</subfield>
   <subfield code="y">23</subfield>
  </datafield>
  <datafield tag="852" ind1=" " ind2=" ">
   <subfield code="a">INST</subfield>
   <subfield code="b">UNIPILB</subfield>
   <subfield code="c">SERIALS</subfield>
   <subfield code="e">20121105</subfield>
   <subfield code="h">Αλφαβητική σειρά</subfield>
   <subfield code="p">77030</subfield>
   <subfield code="q">77030</subfield>
   <subfield code="t">NOLOAN</subfield>
   <subfield code="v">vol.88;no.9:(Μήνας)September;(Έτος)2012</subfield>
   <subfield code="y">23</subfield>
  </datafield>
  <datafield tag="852" ind1=" " ind2=" ">
   <subfield code="a">INST</subfield>
   <subfield code="b">UNIPILB</subfield>
   <subfield code="c">SERIALS</subfield>
   <subfield code="e">20121119</subfield>
   <subfield code="h">Αλφαβητική σειρά</subfield>
   <subfield code="p">77133</subfield>
   <subfield code="q">77133</subfield>
   <subfield code="t">NOLOAN</subfield>
   <subfield code="v">vol.88;no.10:(Μήνας)October;(Έτος)2012</subfield>
   <subfield code="y">23</subfield>
  </datafield>
  <datafield tag="852" ind1=" " ind2=" ">
   <subfield code="a">INST</subfield>
   <subfield code="b">UNIPILB</subfield>
   <subfield code="c">SERIALS</subfield>
   <subfield code="e">20121203</subfield>
   <subfield code="h">Αλφαβητική σειρά</subfield>
   <subfield code="p">77260</subfield>
   <subfield code="q">77260</subfield>
   <subfield code="t">NOLOAN</subfield>
   <subfield code="v">vol.88;no.11:(Μήνας)November;(Έτος)2012</subfield>
   <subfield code="y">23</subfield>
  </datafield>
  <datafield tag="852" ind1=" " ind2=" ">
   <subfield code="a">INST</subfield>
   <subfield code="b">UNIPILB</subfield>
   <subfield code="c">SERIALS</subfield>
   <subfield code="e">20121217</subfield>
   <subfield code="h">Αλφαβητική σειρά</subfield>
   <subfield code="p">77380</subfield>
   <subfield code="q">77380</subfield>
   <subfield code="t">NOLOAN</subfield>
   <subfield code="v">vol.88;no.12:(Μήνας)December;(Έτος)2012</subfield>
   <subfield code="y">23</subfield>
  </datafield>
  <datafield tag="852" ind1=" " ind2=" ">
   <subfield code="a">INST</subfield>
   <subfield code="b">UNIPILB</subfield>
   <subfield code="c">SERIALS</subfield>
   <subfield code="e">20140110</subfield>
   <subfield code="h">Αλφαβητική σειρά</subfield>
   <subfield code="p">81802</subfield>
   <subfield code="q">81802</subfield>
   <subfield code="t">NOLOAN</subfield>
   <subfield code="v">vol.89;no.2:(Μήνας)February;(Έτος)2013</subfield>
   <subfield code="y">23</subfield>
  </datafield>
  <datafield tag="852" ind1=" " ind2=" ">
   <subfield code="a">INST</subfield>
   <subfield code="b">UNIPILB</subfield>
   <subfield code="c">SERIALS</subfield>
   <subfield code="e">20140110</subfield>
   <subfield code="h">Αλφαβητική σειρά</subfield>
   <subfield code="p">81803</subfield>
   <subfield code="q">81803</subfield>
   <subfield code="t">NOLOAN</subfield>
   <subfield code="v">vol.89;no.5:(Μήνας)May;(Έτος)2013</subfield>
   <subfield code="y">23</subfield>
  </datafield>
  <datafield tag="852" ind1=" " ind2=" ">
   <subfield code="a">INST</subfield>
   <subfield code="b">UNIPILB</subfield>
   <subfield code="c">SERIALS</subfield>
   <subfield code="e">20140206</subfield>
   <subfield code="h">Αλφαβητική σειρά</subfield>
   <subfield code="p">81981</subfield>
   <subfield code="q">81981</subfield>
   <subfield code="t">NOLOAN</subfield>
   <subfield code="v">vol.89;no.12:(Μήνας)December;(Έτος)2013</subfield>
   <subfield code="y">23</subfield>
  </datafield>
  <datafield tag="852" ind1=" " ind2=" ">
   <subfield code="a">INST</subfield>
   <subfield code="b">UNIPILB</subfield>
   <subfield code="c">SERIALS</subfield>
   <subfield code="e">20140307</subfield>
   <subfield code="h">Αλφαβητική σειρά</subfield>
   <subfield code="p">82292</subfield>
   <subfield code="q">82292</subfield>
   <subfield code="t">NOLOAN</subfield>
   <subfield code="v">vol.89;no.3:(Μήνας)March;(Έτος)2013</subfield>
   <subfield code="y">23</subfield>
  </datafield>
  <datafield tag="852" ind1=" " ind2=" ">
   <subfield code="a">INST</subfield>
   <subfield code="b">UNIPILB</subfield>
   <subfield code="c">SERIALS</subfield>
   <subfield code="e">20140307</subfield>
   <subfield code="h">Αλφαβητική σειρά</subfield>
   <subfield code="p">82293</subfield>
   <subfield code="q">82293</subfield>
   <subfield code="t">NOLOAN</subfield>
   <subfield code="v">vol.89;no.4:(Μήνας)April;(Έτος)2013</subfield>
   <subfield code="y">23</subfield>
  </datafield>
  <datafield tag="852" ind1=" " ind2=" ">
   <subfield code="a">INST</subfield>
   <subfield code="b">UNIPILB</subfield>
   <subfield code="c">SERIALS</subfield>
   <subfield code="e">20140307</subfield>
   <subfield code="h">Αλφαβητική σειρά</subfield>
   <subfield code="p">82294</subfield>
   <subfield code="q">82294</subfield>
   <subfield code="t">NOLOAN</subfield>
   <subfield code="v">vol.89;no.6:(Μήνας)June;(Έτος)2013</subfield>
   <subfield code="y">23</subfield>
  </datafield>
  <datafield tag="852" ind1=" " ind2=" ">
   <subfield code="a">INST</subfield>
   <subfield code="b">UNIPILB</subfield>
   <subfield code="c">SERIALS</subfield>
   <subfield code="e">20140307</subfield>
   <subfield code="h">Αλφαβητική σειρά</subfield>
   <subfield code="p">82295</subfield>
   <subfield code="q">82295</subfield>
   <subfield code="t">NOLOAN</subfield>
   <subfield code="v">vol.89;no.7:(Μήνας)July;(Έτος)2013</subfield>
   <subfield code="y">23</subfield>
  </datafield>
  <datafield tag="852" ind1=" " ind2=" ">
   <subfield code="a">INST</subfield>
   <subfield code="b">UNIPILB</subfield>
   <subfield code="c">SERIALS</subfield>
   <subfield code="e">20140307</subfield>
   <subfield code="h">Αλφαβητική σειρά</subfield>
   <subfield code="p">82296</subfield>
   <subfield code="q">82296</subfield>
   <subfield code="t">NOLOAN</subfield>
   <subfield code="v">vol.89;no.8:(Μήνας)August;(Έτος)2013</subfield>
   <subfield code="y">23</subfield>
  </datafield>
  <datafield tag="852" ind1=" " ind2=" ">
   <subfield code="a">INST</subfield>
   <subfield code="b">UNIPILB</subfield>
   <subfield code="c">SERIALS</subfield>
   <subfield code="e">20140307</subfield>
   <subfield code="h">Αλφαβητική σειρά</subfield>
   <subfield code="p">82297</subfield>
   <subfield code="q">82297</subfield>
   <subfield code="t">NOLOAN</subfield>
   <subfield code="v">vol.89;no.9:(Μήνας)September;(Έτος)2013</subfield>
   <subfield code="y">23</subfield>
  </datafield>
  <datafield tag="852" ind1=" " ind2=" ">
   <subfield code="a">INST</subfield>
   <subfield code="b">UNIPILB</subfield>
   <subfield code="c">SERIALS</subfield>
   <subfield code="e">20140307</subfield>
   <subfield code="h">Αλφαβητική σειρά</subfield>
   <subfield code="p">82298</subfield>
   <subfield code="q">82298</subfield>
   <subfield code="t">NOLOAN</subfield>
   <subfield code="v">vol.89;no.10:(Μήνας)October;(Έτος)2013</subfield>
   <subfield code="y">23</subfield>
  </datafield>
  <datafield tag="852" ind1=" " ind2=" ">
   <subfield code="a">INST</subfield>
   <subfield code="b">UNIPILB</subfield>
   <subfield code="c">SERIALS</subfield>
   <subfield code="e">20140307</subfield>
   <subfield code="h">Αλφαβητική σειρά</subfield>
   <subfield code="p">82299</subfield>
   <subfield code="q">82299</subfield>
   <subfield code="t">NOLOAN</subfield>
   <subfield code="v">vol.89;no.11:(Μήνας)November;(Έτος)2013</subfield>
   <subfield code="y">23</subfield>
  </datafield>
  <datafield tag="852" ind1=" " ind2=" ">
   <subfield code="a">INST</subfield>
   <subfield code="b">UNIPILB</subfield>
   <subfield code="c">SERIALS</subfield>
   <subfield code="e">20140917</subfield>
   <subfield code="h">Αλφαβητική σειρά</subfield>
   <subfield code="p">85035</subfield>
   <subfield code="q">85035</subfield>
   <subfield code="t">NOLOAN</subfield>
   <subfield code="v">vol.89;no.1:(Μήνας)January;(Έτος)2013</subfield>
   <subfield code="y">23</subfield>
  </datafield>
  <datafield tag="856" ind1="4" ind2="1">
   <subfield code="u">http://sim.sagepub.com/content/by/year</subfield>
  </datafield>
  <datafield tag="900" ind1=" " ind2=" ">
   <subfield code="a">Vol. 90 no. 2 (February 2014)</subfield>
   <subfield code="b">Οφειλόμενο</subfield>
   <subfield code="c">13/06/2017</subfield>
  </datafield>
  <datafield tag="900" ind1=" " ind2=" ">
   <subfield code="a">Vol. 80 no. 6 (June 2004)</subfield>
   <subfield code="b">Οφειλόμενο</subfield>
   <subfield code="c">11/01/2006</subfield>
  </datafield>
  <datafield tag="900" ind1=" " ind2=" ">
   <subfield code="a">Vol. 84 no. 1 (January 2008)</subfield>
   <subfield code="b">Οφειλόμενο</subfield>
   <subfield code="c">16/02/2009</subfield>
  </datafield>
  <datafield tag="900" ind1=" " ind2=" ">
   <subfield code="a">Vol. 84 no. 2 (February 2008)</subfield>
   <subfield code="b">Οφειλόμενο</subfield>
   <subfield code="c">26/10/2009</subfield>
  </datafield>
  <datafield tag="900" ind1=" " ind2=" ">
   <subfield code="a">Vol. 84 no. 3 (March 2008)</subfield>
   <subfield code="b">Οφειλόμενο</subfield>
   <subfield code="c">26/10/2009</subfield>
  </datafield>
  <datafield tag="900" ind1=" " ind2=" ">
   <subfield code="a">Vol. 84 no. 4 (April 2008)</subfield>
   <subfield code="b">Οφειλόμενο</subfield>
   <subfield code="c">26/10/2009</subfield>
  </datafield>
  <datafield tag="900" ind1=" " ind2=" ">
   <subfield code="a">Vol. 84 no. 5 (May 2008)</subfield>
   <subfield code="b">Οφειλόμενο</subfield>
   <subfield code="c">26/10/2009</subfield>
  </datafield>
  <datafield tag="900" ind1=" " ind2=" ">
   <subfield code="a">Vol. 84 no. 6 (June 2008)</subfield>
   <subfield code="b">Οφειλόμενο</subfield>
   <subfield code="c">26/10/2009</subfield>
  </datafield>
  <datafield tag="900" ind1=" " ind2=" ">
   <subfield code="a">Vol. 84 no. 7 (July 2008)</subfield>
   <subfield code="b">Οφειλόμενο</subfield>
   <subfield code="c">26/10/2009</subfield>
  </datafield>
  <datafield tag="900" ind1=" " ind2=" ">
   <subfield code="a">Vol. 84 no. 8 (August 2008)</subfield>
   <subfield code="b">Οφειλόμενο</subfield>
   <subfield code="c">26/10/2009</subfield>
  </datafield>
  <datafield tag="900" ind1=" " ind2=" ">
   <subfield code="a">Vol. 84 no. 9 (September 2008)</subfield>
   <subfield code="b">Οφειλόμενο</subfield>
   <subfield code="c">26/10/2009</subfield>
  </datafield>
  <datafield tag="900" ind1=" " ind2=" ">
   <subfield code="a">Vol. 84 no. 10 (October 2008)</subfield>
   <subfield code="b">Οφειλόμενο</subfield>
   <subfield code="c">15/11/2009</subfield>
  </datafield>
  <datafield tag="900" ind1=" " ind2=" ">
   <subfield code="a">Vol. 84 no. 11 (November 2008)</subfield>
   <subfield code="b">Οφειλόμενο</subfield>
   <subfield code="c">16/12/2009</subfield>
  </datafield>
  <datafield tag="900" ind1=" " ind2=" ">
   <subfield code="a">Vol. 84 no. 12 (December 2008)</subfield>
   <subfield code="b">Οφειλόμενο</subfield>
   <subfield code="c">17/01/2010</subfield>
  </datafield>
  <datafield tag="900" ind1=" " ind2=" ">
   <subfield code="a">Vol. 85 no. 7 (July 2009)</subfield>
   <subfield code="b">Οφειλόμενο</subfield>
   <subfield code="c">27/08/2010</subfield>
  </datafield>
  <datafield tag="900" ind1=" " ind2=" ">
   <subfield code="a">Vol. 86 no. 1/2 (December 2009)</subfield>
   <subfield code="b">Οφειλόμενο</subfield>
   <subfield code="c">06/12/2010</subfield>
  </datafield>
  <datafield tag="900" ind1=" " ind2=" ">
   <subfield code="a">Vol. 86 no. 6 (June 2010)</subfield>
   <subfield code="b">Οφειλόμενο</subfield>
   <subfield code="c">01/05/2011</subfield>
  </datafield>
  <datafield tag="900" ind1=" " ind2=" ">
   <subfield code="a">Vol. 86 no. 9 (September 2010)</subfield>
   <subfield code="b">Οφειλόμενο</subfield>
   <subfield code="c">13/07/2011</subfield>
  </datafield>
  <datafield tag="900" ind1=" " ind2=" ">
   <subfield code="a">Vol. 87 no. 2 (February 2011)</subfield>
   <subfield code="b">Οφειλόμενο</subfield>
   <subfield code="c">13/01/2012</subfield>
  </datafield>
  <datafield tag="900" ind1=" " ind2=" ">
   <subfield code="a">Vol. 87 no. 3 (March 2011)</subfield>
   <subfield code="b">Οφειλόμενο</subfield>
   <subfield code="c">18/01/2012</subfield>
  </datafield>
  <datafield tag="900" ind1=" " ind2=" ">
   <subfield code="a">Vol. 87 no. 4 (April 2011)</subfield>
   <subfield code="b">Οφειλόμενο</subfield>
   <subfield code="c">17/02/2012</subfield>
  </datafield>
  <datafield tag="900" ind1=" " ind2=" ">
   <subfield code="a">Vol. 87 no. 5 (May 2011)</subfield>
   <subfield code="b">Οφειλόμενο</subfield>
   <subfield code="c">30/03/2012</subfield>
  </datafield>
  <datafield tag="900" ind1=" " ind2=" ">
   <subfield code="a">Vol. 87 no. 6 (June 2011)</subfield>
   <subfield code="b">Οφειλόμενο</subfield>
   <subfield code="c">11/05/2012</subfield>
  </datafield>
  <datafield tag="900" ind1=" " ind2=" ">
   <subfield code="a">Vol. 87 no. 7 (July 2011)</subfield>
   <subfield code="b">Οφειλόμενο</subfield>
   <subfield code="c">18/05/2012</subfield>
  </datafield>
  <datafield tag="900" ind1=" " ind2=" ">
   <subfield code="a">Vol. 90 no. 1 (January 2014)</subfield>
   <subfield code="b">Οφειλόμενο</subfield>
   <subfield code="c">13/06/2017</subfield>
  </datafield>
  <datafield tag="950" ind1=" " ind2=" ">
   <subfield code="a">01/01/2003</subfield>
   <subfield code="c">ANACO Κ. ΑΝΑΓΝΩΣΤΟΥ Ε.Π.Ε., ΜΗΧΑΝΗΜΑΤΑ ΚΑΙ ΣΥΣΤΗΜΑΤΑ ΟΡΓΑΝΩΣΗΣ ΓΡΑΦΕΙΟΥ</subfield>
   <subfield code="d">161</subfield>
  </datafield>
  <datafield tag="951" ind1=" " ind2=" ">
   <subfield code="a">Vol. 89 no. 1 (January 2013) - Vol. 89 no. 12 (December 2013)</subfield>
   <subfield code="b">Main run</subfield>
  </datafield>
  <datafield tag="951" ind1=" " ind2=" ">
   <subfield code="a">Vol.61 no.1(June 1993) -  (vol.73 no.6(Dec. 1999)</subfield>
   <subfield code="b">Main run</subfield>
  </datafield>
  <datafield tag="951" ind1=" " ind2=" ">
   <subfield code="a">Vol. 79 no. 1 (January 2003) - Vol. 79 no. 12 (December 2003)</subfield>
   <subfield code="b">Main run</subfield>
  </datafield>
  <datafield tag="951" ind1=" " ind2=" ">
   <subfield code="a">Vol. 80 no. 1 (January 2004) - Vol. 80 no. 3 (March 2004)</subfield>
   <subfield code="b">Main run</subfield>
  </datafield>
  <datafield tag="951" ind1=" " ind2=" ">
   <subfield code="a">Vol. 80 no. 4-5  (April-May 2004)</subfield>
   <subfield code="b">Main run</subfield>
  </datafield>
  <datafield tag="951" ind1=" " ind2=" ">
   <subfield code="a">Vol. 80 no. 7-8  (July-August 2004)</subfield>
   <subfield code="b">Main run</subfield>
  </datafield>
  <datafield tag="951" ind1=" " ind2=" ">
   <subfield code="a">Vol. 80 no. 9 (September 2004) - Vol. 82 no. 12 (December 2006)</subfield>
   <subfield code="b">Main run</subfield>
  </datafield>
  <datafield tag="951" ind1=" " ind2=" ">
   <subfield code="a">Vol. 83 no. 1 (January 2007) - Vol. 83 no. 12 (December 2007)</subfield>
   <subfield code="b">Main run</subfield>
  </datafield>
  <datafield tag="951" ind1=" " ind2=" ">
   <subfield code="a">Vol. 85 no. 1 (January 2009) - Vol. 85 no. 6 (June 2009)</subfield>
   <subfield code="b">Main run</subfield>
  </datafield>
  <datafield tag="951" ind1=" " ind2=" ">
   <subfield code="a">Vol. 85 no. 8 (August 2009) - Vol. 85 no. 10 (October 2009)</subfield>
   <subfield code="b">Main run</subfield>
  </datafield>
  <datafield tag="951" ind1=" " ind2=" ">
   <subfield code="a">Vol. 85 no. 11/12  (Nov./Dec. 2009)</subfield>
   <subfield code="b">Main run</subfield>
  </datafield>
  <datafield tag="951" ind1=" " ind2=" ">
   <subfield code="a">Vol. 86 no. 1 (January 2010) - Vol. 86 no. 4 (April 2010)</subfield>
   <subfield code="b">Main run</subfield>
  </datafield>
  <datafield tag="951" ind1=" " ind2=" ">
   <subfield code="a">Vol. 86 no. 5/6  (May/Jun. 2010)</subfield>
   <subfield code="b">Main run</subfield>
  </datafield>
  <datafield tag="951" ind1=" " ind2=" ">
   <subfield code="a">Vol. 86 no. 7 (July 2010)</subfield>
   <subfield code="b">Main run</subfield>
  </datafield>
  <datafield tag="951" ind1=" " ind2=" ">
   <subfield code="a">Vol. 86 no. 8/9  (Aug./Sep. 2010)</subfield>
   <subfield code="b">Main run</subfield>
  </datafield>
  <datafield tag="951" ind1=" " ind2=" ">
   <subfield code="a">Vol. 86 no. 10 (October 2010) - Vol. 86 no. 12 (December 2010)</subfield>
   <subfield code="b">Main run</subfield>
  </datafield>
  <datafield tag="951" ind1=" " ind2=" ">
   <subfield code="a">Vol. 87 no. 1/2  (Jan./Feb. 2012)</subfield>
   <subfield code="b">Main run</subfield>
  </datafield>
  <datafield tag="951" ind1=" " ind2=" ">
   <subfield code="a">Vol. 87 no. 8 (August 2011) - Vol. 87 no. 12 (December 2011)</subfield>
   <subfield code="b">Main run</subfield>
  </datafield>
  <datafield tag="951" ind1=" " ind2=" ">
   <subfield code="a">Vol. 88 no. 1 (January 2012) - Vol. 88 no. 12 (December 2012)</subfield>
   <subfield code="b">Main run</subfield>
  </datafield>
  <datafield tag="952" ind1=" " ind2=" ">
   <subfield code="a">68(4-6)1997, 69(1-6)1997, 70(1-2)1998</subfield>
  </datafield>
 </record>
</collection>
